ბათუმის შოთა რუსთაველის სახელმწიფო უნივერსიტეტის ბიბლიოთეკა

Археологические памятники Армении. 8. Урартские памятники : (ბიბ.ჩანაწერი № 61037)

000 -LEADER
fixed length control field 01012nam a22001817a 4500
005 - DATE AND TIME OF LATEST TRANSACTION
control field 20231211105447.0
008 - FIXED-LENGTH DATA ELEMENTS--GENERAL INFORMATION
fixed length control field 231211s1974 ru ||||| |||| 00| 0 rus d
041 ## - LANGUAGE CODE
Language code of text/sound track or separate title rus
080 ## - UNIVERSAL DECIMAL CLASSIFICATION NUMBER
Universal Decimal Classification number 902(479.25) M-26
100 ## - MAIN ENTRY--PERSONAL NAME
Personal name Мартиросян, А. А.
9 (RLIN) 20651
245 ## - TITLE STATEMENT
Title Археологические памятники Армении. 8. Урартские памятники :
Remainder of title Вып. 1 Аргиштихинили /
Statement of responsibility, etc. А. А. Мартиросян; Академия наук армянской ССР. Институг Археологии и Этнографии.
264 ## - PRODUCTION, PUBLICATION, DISTRIBUTION, MANUFACTURE, AND COPYRIGHT NOTICE
Place of production, publication, distribution, manufacture Ереван :
Name of producer, publisher, distributor, manufacturer издательство АН Арм. ССР,
Date of production, publication, distribution, manufacture, or copyright notice 1974.
300 ## - PHYSICAL DESCRIPTION
Extent 176 стр.:
Other physical details ил.;
Dimensions 30 см.
653 ## - INDEX TERM--UNCONTROLLED
keyword სომხეთის არქეოლოგიური ძეგლები
653 ## - INDEX TERM--UNCONTROLLED
keyword არქეოლოგია
710 ## - ADDED ENTRY--CORPORATE NAME
Corporate name or jurisdiction name as entry element Академия наук армянской ССР.
Date of meeting or treaty signing Институг Археологии и Этнографии.
9 (RLIN) 20652
942 ## - ADDED ENTRY ELEMENTS (KOHA)
Source of classification or shelving scheme
Koha item type წიგნი
ეგზემპლარები
Withdrawn status Lost status Source of classification or shelving scheme Damaged status Not for loan Permanent Location Current Location Shelving location Date acquired Cost, normal purchase price Full call number Barcode Date last seen Copy number Uniform Resource Identifier Price effective from Koha item type Public note
          ბათუმის შოთა რუსთაველის სახელმწიფო უნივერსიტეტის მთავარი ბიბლიოთეკა ბათუმის შოთა რუსთაველის სახელმწიფო უნივერსიტეტის მთავარი ბიბლიოთეკა წიგნსაცავი 2023-12-11 12.00 902(479.25) M-26 65564 2023-12-11 65564 ბსუ-ს საპატიო დოქტორის გურამ ლორთქიფანიძის საჩუქარი 2023-12-11 წიგნი 12 ლ.